000 00772cam a22002773a 4500
001 2199
003 PGUSA
005 20140828083011.0
008 000601s2000||||xxu|||||s|||||000 p eng d
040 _aPGUSA
_beng
042 _adc
050 4 _aPA
100 1 _aHomer,
_d-750--650
245 1 4 _aThe Iliad
_h[electronic resource] /
_cHomer
260 _bProject Gutenberg,
_c2000
506 _aPublic domain in the USA.
516 _aElectronic text
653 _aEpic poetry, Greek -- Translations into English
653 _aAchilles (Greek mythology)
653 _aClassical literature
653 _aTrojan War
700 1 _aButler, Samuel,
_d1835-1902
830 0 _aProject Gutenberg
_v2199
856 4 0 _uhttp://www.gutenberg.org/ebooks/2199
942 _cEB
999 _c231537
_d231537